000 01386pam a2200373 a 4500
001 45516
003 BD-RjUL
005 20211209054027.0
008 160726s2002 vau b 001 0 eng
020 _a1853839248
020 _a1853839191
_cL.17.95
035 _a(BD-RjUL)45634
035 _a178069
040 _aDLC
_beng
_cDLC
_dANL
041 _aeng
082 0 4 _a338.9009172
_221
082 0 4 _a338.90091724
_221
082 0 4 _a338.90091724
_221
_bCAP 2002
245 0 0 _aCapacity for development :
_bnew solutions to old problems /
_cedited by Sakiko Fukuda-Parr, Carlos Lopes, and Khalid Malik.
260 _aSterling, VA :
_bEarthscan Publications,
_c2002.
300 _ax, 284 p. :
_bill. ;
_c26 cm.
504 _aIncludes bibliographical references and index.
650 0 _aIndustrial capacity
_zDeveloping countries.
_9139336
650 0 _aInfrastructure (Economics)
_zDeveloping countries.
_9139337
650 0 _aEconomic development projects
_zDeveloping countries.
_9139338
650 0 _aTechnical assistance
_zDeveloping countries.
_9139339
650 0 _aInformation technology
_xEconomic aspects
_zDeveloping countries.
_9139340
650 0 _aEconomic development.
_9139341
700 1 _aLopes, Carlos.
_9139342
700 1 _aFukuda-Parr, Sakiko,
_d1950-
_9139343
700 1 _aMalik, Khalid,
_d1952-
_9139344
942 _2ddc
_cBK
999 _c45516
_d45516